000 00730nam a2200217Ii 4500
003 JO-AjNU
008 230605s9999||||xx |||||||||||||| ||und||
017 _a1428/146
020 _a9960-9818-2-7
040 _aJO-AjNU
_bara
_erda
_cJO-AjNU
041 _aara
050 1 4 _aPJ6101.N3558.2007
100 3 _aالنمارنه، ابراهيم مطصطفى العبدالله,
_eauthor
_959581
245 0 0 _aموضوعات في النحو والصرف
264 3 1 _aالسعودية: دار الاندلس للنشر،2007
300 _a324ص
336 _atext
_btxt
_2rdacontent
337 _aunmediated
_bn
_2rdamedia
338 _avolume
_bnc
_2rdacarrier
650 4 _aقواعد اللغه العربيه- الصرف
_959582
999 _aA26819
_c30387
_d30387